Austrálie. Atlas ekonoma.
Politická a hospodárska situácia Austrálie. Mena, platobná bilancia, štátne financie a zahraničný obchod. Obchodné styky bývalej ČSFR s Austráliou.
Saved in:
| Main Author: | |
|---|---|
| Format: | Book Chapter |
| Language: | Czech |
| Subjects: | |
| Tags: |
No Tags, Be the first to tag this record!
|
MARC
| LEADER | 00000naa a2200000 4500 | ||
|---|---|---|---|
| 001 | r013356 | ||
| 005 | 20221205075619.3 | ||
| 041 | 0 | |a cze | |
| 044 | |a CZ | ||
| 245 | 1 | 0 | |a Austrálie. |b Atlas ekonoma. |c J. Hálek |
| 520 | |a Politická a hospodárska situácia Austrálie. Mena, platobná bilancia, štátne financie a zahraničný obchod. Obchodné styky bývalej ČSFR s Austráliou. | ||
| 610 | 2 | 0 | |a rozvoj hospodársky |
| 610 | 2 | 0 | |a hospodárstvo národné |
| 610 | 2 | 0 | |a Austrália |
| 610 | 2 | 0 | |a mena |
| 610 | 2 | 0 | |a bilancia platobná |
| 610 | 2 | 0 | |a financie štátne |
| 610 | 2 | 0 | |a obchod zahraničný |
| 610 | 2 | 0 | |a ČSFR |
| 100 | 1 | |a Hálek, J. | |